000 00814cad a22001935a 4500
001 L149937
008 100518e2010 xxk 000 0 eng d
035 _a(Sirsi) u149937
041 0 _aeng
245 0 0 _aLink Lending Ltd v Bustard
_h[electronic resource]
260 _c2010
520 _a2010] EWCA Civ 424, 23 April 2010. Appeal concerned with a person in actual occupation of registered land enjoying the priority protection of an overriding interest under the Land Registration Act 2002 s29 Sched 3 para 2. "Held" appeal dismissed.
590 _aKA
650 2 4 _aLINK LENDING LTD V BUSTARD
651 4 _aEngland and Wales
_y1543-
690 _aResidential property
_96266
856 4 8 _uhttps://www.bailii.org/ew/cases/EWCA/Civ/2010/424.html
_zView this item free of charge at www.bailii.org
942 _n0
999 _c82340
_d82340